Представление документа в формате MARC21

Поле Инд. ПП Название Значение
Тип записи a
Библиографический уровень m
001 Контрольный номер c03023ec7cd3443ab75c3c4546320af9
005 Дата корректировки 20241016121322.7
020 a ISBN 978-5-09-114757-5
040 a Служба первич. каталог. НБ ТвГУ
b Код языка каталог. rus
e Правила каталог. PSBO
041 0_ a Код языка текста rus
080 a Индекс УДК 94(100)"14/16"(075.3)
084 a Индекс другой классификации/Индекс ББК Т3(0)5я721-1
090 a Полочн. индекс Т3(0)5
x Авторский знак В 84
097 b Оператор Semenova.ZR
245 10 a Заглавие Всеобщая история. История Нового времени. Конец XV-XVII век. 7 класс
b Продолж. заглавия учебник
c Ответственность под общей редакцией В. Р. Мединского
246 10 a Другая форма заглавия Всеобщая история. 7 класс
250 a Основные сведения об издании 4-е изд., стер.
260 c Дата издания 2024
a Место издания Москва
b Издательство Просвещение
300 a Объем 223, [1] с.
b Иллюстрации/ тип воспроизводства цв. ил., катры
440 _0 a Серия ФГОС
440 _0 a Серия История
504 a Библиография Библиогр.: с. 221
653 0_ a Ключевые слова Всеобщая история
a Ключевые слова История Нового времени
a Ключевые слова 15-17 вв.
a Ключевые слова Новое время
a Ключевые слова Учебники для средней школы
a Ключевые слова 7 класс
a Ключевые слова ФГОС
700 12 a Другие авторы Морозов Александр Юрьевич
e Роль лиц Автор
700 12 a Другие авторы Абдулаев Энвер Нажмутинович
e Роль лиц Автор
700 12 a Другие авторы Тырин Сергей Владимирович
e Роль лиц Автор
700 12 a Другие авторы Чиликин Константин Петрович
e Роль лиц Автор
700 12 a Другие авторы Мединский Владимир Ростиславович
e Роль лиц Редактор
901 t Тип документа m
910 a Гриф есть*
920 a Оператор Семен
a Оператор Петр
930 a Новая/Ретро новая
952 c Вид литературы К ру
954 b Дата поступления в ОК 20241007
a Дата поступления на обработку 20241016
c Дата окончания ОНО 20241016